Statistics for Islands by Letter - G

Click here to take the quiz!

General Stats

  • This quiz has been taken 41 times
  • The average score is 7 of 16

Answer Stats

ClueIsland% Correct
World's largestGreenland
97%
Largest European island, has cities like London, Glasgow, ...Great Britain
85%
Territory of the U.S. since 1898Guam
82%
Island in the English ChannelGuernsey
74%
Canary Island, the biggest city is Las PalmasGran Canaria
68%
Texas island, 1900 hurricaneGalveston
53%
Largest of the Cayman IslandsGrand Cayman
50%
Well-known Maltese islandGozo
47%
Sweden's largestGotland
44%
Largest island of the Comoros, also known as NgazidjaGrande Comore
24%
Eastern half of GuadeloupeGrande-Terre
18%
Spanish for "graceful" or Canary IslandGraciosa
15%
In the middle of the Niagara FallsGoat Island
12%
In the South Atlantic near Tristan de CunhaGough
12%
Costa Concordia disasterGiglio
6%
Largest island in the Haida Gwaii archipelagoGraham
3%

Score Distribution

Percentile by Number Answered

Percent of People with Each Score

Your Score History

You have not taken this quiz